000 00779nam a22002055i 4500
001 158877
003 ES-MaACL
005 20230906211347.0
008 991122s1875 sp |||| | spa d
040 _aAS
_bspa
_cAS
100 1 _aMartín, Melitón.
_977355
245 1 4 _aLas huelgas, sus causas y sus remedios /
_cpor Melitón Martín.
260 _aMadrid :
_b[s.n.],
_c1875 (
_fImprenta y Fundición de M. Tello)
300 _a96 p. ;
_c20 cm.
500 _aMemoria premiada por la Sociedad Matritense de Amigos del País, en el concurso de 1875.
530 _aDisponible en formato digital.
650 4 _aHuelgas.
_913489
852 _aES-MaACL
_jF-13523
_z-- Enc. hol.
856 _uhttp://bdh-rd.bne.es/viewer.vm?id=0000050460&page=1
_zBiblioteca Digital Hispánica
999 _c158877
_d158877